000 00784nam a2200205Ia 4500
003 OSt
005 20251218114308.0
008 RAJ
037 _cTB
040 _aARTS
_cARTS
_bRAJ
041 _2RAJ
_aRAJ
084 _aO1528,1M15:g 152L0
_qAL
100 _aभानावत, नरेन्द्र
_9156292
245 0 _aराजस्थानी वीर काव्य और सूर्यमल्ल मिश्र
246 _aRājasthānī vīr kāvya aur sūryamalla mishra
260 _aआगरा :
_b रंजन प्रकाशन ,
_c1970.
650 _aराजस्थानी साहित्य
_9857735
942 _hO1528,1M15:g 152L0
_cTB
_2CC
_n0
999 _c349825
_d349825